000 00626cam a2200205 4500500
005 20260405003204.0
041 _afre
042 _adc
100 1 0 _aN’Diaye, Aïda
_eauthor
245 0 0 _aSi Dieu sait l’avenir, sommes-nous libres d’agir ?
260 _c2020.
500 _a75
690 _aDéterminisme
690 _aHans Jonas
690 _aJudaïsme
690 _aLiberté
690 _aLibre arbitre
786 0 _nPhilosophie magazine | 145 | 1 | 2020-12-01 | p. 81-81 | 1951-1787
856 4 1 _uhttps://shs.cairn.info/magazine-philosophie-magazine-2020-12-1-page-81?lang=fr&redirect-ssocas=7080
999 _c2065160
_d2065160